Normal view
MARC view
- Yeates, Donald
Entry Personal Name
001 - CONTROL NUMBER
- control field: 36562
003 - CONTROL NUMBER IDENTIFIER
- control field: NUST
005 - DATE AND TIME OF LATEST TRANSACTION
- control field: 20210314130038.0
008 - FIXED-LENGTH DATA ELEMENTS
- fixed length control field: 210314|| aca||aabn | a|a d
040 ## - CATALOGING SOURCE
- Original cataloging agency: NUST
- Transcribing agency: NUST
100 ## - HEADING--PERSONAL NAME
- Personal name: Yeates, Donald
670 ## - SOURCE DATA FOUND
- Source citation: Work cat.: (NUST): Daniels, Alan. 36559, Basic systems analysis;, 1990.
